Eastern Utah Libraries Catalog: Duchesne, Heber, Roosevelt, & Vernal

William Shakespeare's The taming of the shrew / (Record no. 273943)

MARC details
000 -LEADER
fixed length control field 02642cam a2200637 a 4500
001 - CONTROL NUMBER
control field ocn553356994
003 - CONTROL NUMBER IDENTIFIER
control field OCoLC
005 - DATE AND TIME OF LATEST TRANSACTION
control field 20200320184641.0
008 - FIXED-LENGTH DATA ELEMENTS--GENERAL INFORMATION
fixed length control field 100312s2011 mnua c 000 1 eng
010 ## - LIBRARY OF CONGRESS CONTROL NUMBER
LC control number 2010002747
020 ## - INTERNATIONAL STANDARD BOOK NUMBER
International Standard Book Number 9781602707672 (alk. paper)
020 ## - INTERNATIONAL STANDARD BOOK NUMBER
International Standard Book Number 1602707677 (alk. paper)
035 ## - SYSTEM CONTROL NUMBER
System control number (OCoLC)553356994
037 ## - SOURCE OF ACQUISITION
Stock number 1315745
Source of stock number/acquisition QBI
040 ## - CATALOGING SOURCE
Original cataloging agency DLC
Transcribing agency DLC
Modifying agency QBX
-- YDXCP
-- VKC
-- BIB
-- WACOL
042 ## - AUTHENTICATION CODE
Authentication code lcac
043 ## - GEOGRAPHIC AREA CODE
Geographic area code e-it---
049 ## - LOCAL HOLDINGS (OCLC)
Holding library WACL
050 00 - LIBRARY OF CONGRESS CALL NUMBER
Classification number PZ7.7.G66
Item number Wh 2011
082 00 - DEWEY DECIMAL CLASSIFICATION NUMBER
Classification number 741.5/973
Edition number 22
092 ## - LOCALLY ASSIGNED DEWEY CALL NUMBER (OCLC)
Classification number junior
Item number Sha
100 1# - MAIN ENTRY--PERSONAL NAME
Personal name Goodwin, Vincent.
9 (RLIN) 5714069
245 10 - TITLE STATEMENT
Title William Shakespeare's The taming of the shrew /
Statement of responsibility, etc adapted by Vincent Goodwin ; illustrated by Chris Allen.
246 30 - VARYING FORM OF TITLE
Title proper/short title Taming of the shrew
260 ## - PUBLICATION, DISTRIBUTION, ETC. (IMPRINT)
Place of publication, distribution, etc Edina, Minn. :
Name of publisher, distributor, etc Magic Wagon,
Date of publication, distribution, etc c2011.
300 ## - PHYSICAL DESCRIPTION
Extent 48 p. :
Other physical details col. ill. ;
Dimensions 24 cm.
490 1# - SERIES STATEMENT
Series statement Graphic planet
490 1# - SERIES STATEMENT
Series statement Graphic Shakespeare
520 ## - SUMMARY, ETC.
Summary, etc In graphic novel format, presents William Shakespeare's story of Petruchio who, spurred by a friend in love with her younger sister, courts and weds Katherina Minola, a gentlewoman renowned for her "scolding tongue."
504 ## - BIBLIOGRAPHY, ETC. NOTE
Bibliography, etc Includes bibliographical references.
521 ## - TARGET AUDIENCE NOTE
Target audience note junior fiction
Source midAmerica
655 #0 - INDEX TERM--GENRE/FORM
Genre/form data or focus term Graphic novels.
9 (RLIN) 5674445
650 #1 - SUBJECT ADDED ENTRY--TOPICAL TERM
Topical term or geographic name as entry element Graphic novels.
9 (RLIN) 5860821
600 11 - SUBJECT ADDED ENTRY--PERSONAL NAME
Personal name Shakespeare, William,
Dates associated with a name 1564-1616
Form subdivision Adaptations.
9 (RLIN) 5711863
655 #7 - INDEX TERM--GENRE/FORM
Genre/form data or focus term Comedies.
Source of term gsafd
9 (RLIN) 102657
655 #7 - INDEX TERM--GENRE/FORM
Genre/form data or focus term Comedies.
Source of term sears
9 (RLIN) 102657
655 #7 - INDEX TERM--GENRE/FORM
Genre/form data or focus term Graphic novels.
Source of term sears
9 (RLIN) 5674445
650 #0 - SUBJECT ADDED ENTRY--TOPICAL TERM
Topical term or geographic name as entry element Man-woman relationships
Form subdivision Comic books, strips, etc.
9 (RLIN) 5804585
650 #0 - SUBJECT ADDED ENTRY--TOPICAL TERM
Topical term or geographic name as entry element Married people
Form subdivision Comic books, strips, etc.
9 (RLIN) 5860822
650 #0 - SUBJECT ADDED ENTRY--TOPICAL TERM
Topical term or geographic name as entry element Sex role
Form subdivision Comic books, strips, etc.
9 (RLIN) 5737012
651 #0 - SUBJECT ADDED ENTRY--GEOGRAPHIC NAME
Geographic name Padua (Italy)
Form subdivision Comic books, strips, etc.
9 (RLIN) 5860823
650 #7 - SUBJECT ADDED ENTRY--TOPICAL TERM
Topical term or geographic name as entry element Man-woman relationship
Form subdivision Juvenile fiction.
Source of heading or term sears
9 (RLIN) 5860824
650 #7 - SUBJECT ADDED ENTRY--TOPICAL TERM
Topical term or geographic name as entry element Married people
Form subdivision Comic books, strips, etc.
Source of heading or term sears
9 (RLIN) 5860822
650 #7 - SUBJECT ADDED ENTRY--TOPICAL TERM
Topical term or geographic name as entry element Sex role
Form subdivision Juvenile fiction.
Source of heading or term sears
9 (RLIN) 5681238
651 #7 - SUBJECT ADDED ENTRY--GEOGRAPHIC NAME
Geographic name Padua (Italy)
Form subdivision Comic books, strips, etc.
Source of heading or term sears
9 (RLIN) 5860823
700 1# - ADDED ENTRY--PERSONAL NAME
Personal name Allen, Chris,
Relator term ill.
9 (RLIN) 5860825
700 1# - ADDED ENTRY--PERSONAL NAME
Personal name Shakespeare, William,
Dates associated with a name 1564-1616.
Title of a work Taming of the shrew.
9 (RLIN) 25027
830 #0 - SERIES ADDED ENTRY--UNIFORM TITLE
Uniform title Graphic planet.
9 (RLIN) 5697347
830 #0 - SERIES ADDED ENTRY--UNIFORM TITLE
Uniform title Graphic Shakespeare (Edina, Minn.)
9 (RLIN) 5860826
938 ## -
-- Quality Books, Inc.
-- QUAL
-- a 10002747
938 ## -
-- YBP Library Services
-- YANK
-- 3331615
942 ## - ADDED ENTRY ELEMENTS (KOHA)
Koha item type BOOK
948 ## - LOCAL PROCESSING INFORMATION (OCLC); SERIES PART DESIGNATOR (RLIN)
Series part designator, SPT (RLIN) 11/10/2010
b (OCLC) 04/15/2011
z (OCLC) Sirsi
994 ## -
-- 02
-- WACOL
996 ## -
-- 80717
-- 34301001012519
-- J
-- bk
-- wcl
-- i
-- 4
-- 20.95
-- midAmerica
-- Sha
-- 05/12/2011
-- 09/06/2019
-- 07/23/2019
Holdings
Withdrawn status Lost status Source of classification or shelving scheme Damaged status Not for loan Collection code Home library Current library Shelving location Date acquired Cost, normal purchase price Total Checkouts Total Renewals Full call number Barcode Date last seen Date checked out Cost, replacement price Price effective from Koha item type
    Dewey Decimal Classification     Junior Graphic Novels Wasatch County Library Wasatch County Library First Floor 05/12/2011 20.95 10 5 J GN Shakespeare 34301001012519 08/28/2025 08/19/2025 20.95 03/20/2020 BOOK
This project was made possible through a grant from the Institute of Museum and Library Service administered by the Utah State Library Division.

Wasatch County Library

  • 465 East 1200 South, Heber City, Utah 84032
  • Phone 435-654-1511 | Fax 435-654-6456

Hours

  • Monday - Friday 9:30 AM - 8:00 PM
  • Saturday 9:30 AM - 1:30 PM
  • Closed Sundays and Holidays